| 000 | 01189cad a22002535a 4500 | ||
|---|---|---|---|
| 001 | L151954 | ||
| 008 | 110114e20110114xxkd f s 000 0 eng d | ||
| 035 | _a(Sirsi) u151954 | ||
| 041 | 0 | _aeng | |
| 050 | 0 | 4 | _a333.33 $2 18 |
| 110 | 2 |
_aRoyal Institution of Chartered Surveyors _bEconomics _95033 |
|
| 245 | 0 | 0 |
_aRICS global real estate weekly _b14 January 2011 _h[electronic resource] |
| 260 |
_aLondon _bRICS _c2011 |
||
| 490 | 0 |
_aRICS Global Real Estate Weekly _v14 January 2011 |
|
| 520 | _aBeijing will hope 'hot property' cools over the coming quarter. Euro area construction output likely to be volatile in Q1 because of the snow. Brazil set to raise interest rates. Japanese economic recovery should feed through to real estate sector. | ||
| 590 | _aKA | ||
| 650 | 2 | 4 | _aRICS GLOBAL REAL ESTATE WEEKLY |
| 651 | 4 | _aInternational | |
| 690 | _aBUILT ENVIRONMENT-CONSTRUCTION MARKET | ||
| 690 | _aPROPERTY-RESIDENTIAL PROPERTY-RESIDENTIAL PROPERTY MARKET | ||
| 690 | _aPROPERTY-COMMERCIAL PROPERTY-COMMERCIAL PROPERTY MARKET | ||
| 856 | 4 | 0 |
_uhttps://www.rics.org/site/download_feed.aspx?fileID=8585&fileExtension=PDF _zView the report free of charge at www.rics.org |
| 942 | _n0 | ||
| 999 |
_c111757 _d111757 |
||